| 000 | 00000nam 2200000za 4500 |
| 001 | 9.629157 |
| 003 | CaOODSP |
| 005 | 20250509081842 |
| 007 | cr ||||||||||| |
| 008 | 160215s2015 onc|||||o f|0| 0 fre d |
| 020 | |a978-0-660-22142-7 |
| 040 | |aCaOODSP|bfre |
| 043 | |an-cn--- |
| 086 | 1 |aM41-9/97F-PDF |
| 100 | 1 |aSabina, Ann P. |
| 245 | 10|aRoches et minéraux du collectionneur |h[ressource électronique] : |bbaie de Fundy (Nouveau-Brunswick et Nouvelle-Écosse) et côte sud de la Nouvelle-Écosse / |c[par] Ann P. Sabina. |
| 260 | |aOttawa : |bRessources naturelles Canada, |cc2015. |
| 300 | |axviii, 495 p. : |bcartes, tableaux, photographiers, glossaire. |
| 490 | 1 |aCommission géologique du Canada, Géosciences pour tous ; |v97 |
| 500 | |aPublié aussi en anglais sous le titre : Rocks and minerals for the collector: Bay of Fundy, New Brunswick and Nova Scotia; South Shore, Nova Scotia. |
| 692 | 07|2gccst|aMinerai |
| 692 | 07|2gccst|aFossile |
| 710 | 2 |aCommission géologique du Canada. |
| 775 | 08|tRocks and minerals for the collector |w(CaOODSP)9.556379 |
| 830 | #0|aCommission géologique du Canada, Géosciences pour tous ;|v97|w(CaOODSP)9.501617 |
| 856 | 40|qPDF|s156.35 Mo|uhttps://publications.gc.ca/collections/collection_2016/rncan-nrcan/M41-9-97-fra.pdf |